FAO and IPGRI technical guidelines for safe movement of germplasm; 1994; N.1

Gespeichert in:
Bibliographische Detailangaben
1. Verfasser: IPGRI
Format: Buch
Sprache:Undetermined
Veröffentlicht: Rome FAO 1994
Schlagworte:
Tags: Tag hinzufügen
Keine Tags, Fügen Sie den ersten Tag hinzu!
Thư viện lưu trữ: Trung tâm Học liệu Trường Đại học Cần Thơ
LEADER 00521nam a2200181Ia 4500
001 CTU_29210
008 210402s9999 xx 000 0 und d
082 |a 333.9534 
082 |b F218/1994 
100 |a IPGRI 
245 0 |a FAO and IPGRI technical guidelines for safe movement of germplasm; 1994; N.1 
245 0 |c IPGRI, FAO 
260 |a Rome 
260 |b FAO 
260 |c 1994 
650 |a plant genetics 
904 |i Nguyễn Quang Điền, 990313 
980 |a Trung tâm Học liệu Trường Đại học Cần Thơ